Central Library OPAC University of Rajshahi

Computational handbook of statistics / (Record no. 6082)

MARC details
000 -LEADER
fixed length control field 00768nam a2200253 a 4500
001 - CONTROL NUMBER
control field 6082
003 - CONTROL NUMBER IDENTIFIER
rucl marc code BD-RjUL
005 - DATE AND TIME OF LATEST TRANSACTION
control field 20211208234200.0
008 - FIXED-LENGTH DATA ELEMENTS--GENERAL INFORMATION
fixed length control field 140109s1968 ilua b 001 0 eng d
035 ## - SYSTEM CONTROL NUMBER
System control number (BD-RjUL)6121
040 ## - CATALOGING SOURCE
Original cataloging agency BD-RjUL
Language of cataloging eng
Transcribing agency BD-RjUL
041 ## - LANGUAGE CODE
Language code of text/sound track or separate title eng
082 00 - DEWEY DECIMAL CLASSIFICATION NUMBER
Edition number 19
Classification number 519.5
Author mark and year BRC 1968
100 1# - MAIN ENTRY--PERSONAL NAME
Personal name Bruning, James L.
9 (RLIN) 19140
245 10 - TITLE STATEMENT
Title Computational handbook of statistics /
Statement of responsibility, etc. by James L. Bruning, B. L. Kintz
260 ## - PUBLICATION, DISTRIBUTION, ETC. (IMPRINT)
Place of publication, distribution, etc. Glenview, Ill :
Name of publisher, distributor, etc. Scott, Foresman,
Date of publication, distribution, etc. 1968.
300 ## - PHYSICAL DESCRIPTION
Pagination 269 p. :
Illustrations ill. ;
Size 23 cm
504 ## - BIBLIOGRAPHY, ETC. NOTE
Bibliography, etc Includes index.
650 #0 - SUBJECT ADDED ENTRY--TOPICAL TERM
Topical term or geographic name as entry element Statistics
General subdivision Handbooks, manuals, etc.
9 (RLIN) 19141
Topical term or geographic name as entry element Statistics
General subdivision Problems, exercises, etc.
9 (RLIN) 19142
700 1# - ADDED ENTRY--PERSONAL NAME
Personal name Kintz, B. L.
942 ## - ADDED ENTRY ELEMENTS (KOHA)
Source of classification or shelving scheme Dewey Decimal Classification
Koha item type Books
Holdings
Lost status Source of classification or shelving scheme Damaged status Not for loan Collection code Permanent Location Current Location Shelving location Date acquired Source of acquisition Cost, normal purchase price Total Checkouts Full call number Date last seen Copy number Koha item type
  Dewey Decimal Classification     Non-fiction Central Library, University of Rajshahi Central Library, University of Rajshahi   05/01/1972 Zeithlinger. 50.00   519.5 BRC 1968 09/01/2014 C-3 Books
  Dewey Decimal Classification     Non-fiction Central Library, University of Rajshahi Central Library, University of Rajshahi   09/01/2014 Zeithlinger 50.00   519.5 BRC 1968 02/08/2016 C-2 Books
  Dewey Decimal Classification   Not For Loan Non-fiction Central Library, University of Rajshahi Central Library, University of Rajshahi Reading Room 20/03/2017       519.5 BRC 1968 20/03/2017 C-1 Books